Central Library OPAC University of Rajshahi

Studies in Israel legislative problems / (Record no. 32344)

MARC details
000 -LEADER
fixed length control field 01138cam a22003011 4500
001 - CONTROL NUMBER
control field 32344
003 - CONTROL NUMBER IDENTIFIER
rucl marc code BD-RjUL
005 - DATE AND TIME OF LATEST TRANSACTION
control field 20211209051823.0
008 - FIXED-LENGTH DATA ELEMENTS--GENERAL INFORMATION
fixed length control field 140426s1966 je 000 0 eng d
035 ## - SYSTEM CONTROL NUMBER
System control number (BD-RjUL)32433
System control number (OCoLC)2640645
040 ## - CATALOGING SOURCE
Original cataloging agency DLC
Transcribing agency UU
Modifying agency OCoLC
-- NBL
-- OCoLC
-- DLC
-- BD-RjUL
Language of cataloging eng
041 ## - LANGUAGE CODE
Language code of text/sound track or separate title eng
082 ## - DEWEY DECIMAL CLASSIFICATION NUMBER
Classification number 340.095694
Author mark and year TES 1966
100 1# - MAIN ENTRY--PERSONAL NAME
Personal name Tedeschi, Guido,
9 (RLIN) 98400
245 10 - TITLE STATEMENT
Title Studies in Israel legislative problems /
Statement of responsibility, etc. Edited on behalf of the Institute for Legislative Research and Comparative Law, the Faculty of Law, by G. Tedeschi and U. Yadin.
260 ## - PUBLICATION, DISTRIBUTION, ETC. (IMPRINT)
Place of publication, distribution, etc. Jerusalem :
Name of publisher, distributor, etc. Magnes Press, Hebrew University,
Date of publication, distribution, etc. 1966.
300 ## - PHYSICAL DESCRIPTION
Pagination 341p. ;
Size 25cm.
500 ## - GENERAL NOTE
General note Added t.p. in Hebrew.
504 ## - BIBLIOGRAPHY, ETC. NOTE
Bibliography, etc Bibliographical footnotes.
650 #0 - SUBJECT ADDED ENTRY--TOPICAL TERM
Topical term or geographic name as entry element Legislation
Geographic subdivision Israel.
9 (RLIN) 98402
700 1# - ADDED ENTRY--PERSONAL NAME
Personal name Yadin, Uri,
Dates associated with a name 1908-
Relator term joint ed.
710 2# - ADDED ENTRY--CORPORATE NAME
Corporate name or jurisdiction name as entry element Universiṭah ha-ʻIvrit bi-Yerushalayim.
Subordinate unit Makhon le-meḥḳere ḥaḳiḳah ule-mishpaṭ hashṿaʾati.
9 (RLIN) 98404
942 ## - ADDED ENTRY ELEMENTS (KOHA)
Source of classification or shelving scheme Dewey Decimal Classification
Koha item type Books
Holdings
Lost status Source of classification or shelving scheme Damaged status Not for loan Collection code Permanent Location Current Location Shelving location Date acquired Source of acquisition Cost, normal purchase price Total Checkouts Full call number Date last seen Copy number Koha item type
  Dewey Decimal Classification   Not For Loan Non-fiction Central Library, University of Rajshahi Central Library, University of Rajshahi Reading Room 26/10/1970 sweets & zeithinger 49.00   340.095694 TES 1966 26/04/2014 C-1 Books